|
|
|
|
| LEADER |
00606cam a2200181ua 4500 |
| 001 |
22371 |
| 008 |
141105n2012 US |||gr||||Z||||||eng |
| 020 |
|
|
|a 978-0-393-91251-7
|
| 041 |
|
|
|a eng
|
| 082 |
|
|
|a 820.8
|
| 100 |
|
|
|a Greenblatt,Stephe,Ed.
|
| 245 |
|
|
|a Norton anthology of English literature, Vol.C
|c Stephen Greenblatt,Editor
|h Textual Documents
|
| 250 |
|
|
|a 9th.
|
| 260 |
|
|
|a New York
|b W W Norton Co
|c 2012
|
| 300 |
|
|
|a 3078p.
|
| 650 |
|
|
|a English literature
|
| 999 |
|
|
|c 45558
|d 45558
|
| 952 |
|
|
|0 0
|1 0
|4 0
|6 820_800000000000000_NOR_C
|7 0
|9 57539
|a KU
|b KU
|d 2015-07-05
|l 0
|o 820.8 NOR.C
|p EN15301
|r 2015-07-05
|w 2015-07-05
|y REF
|